000 00641nam a2200241Ia 4500
003 OSt
005 20221005084531.0
006 a|||||r|||| 00| 0
007 ta
008 221004b |||||||| |||| 00| 0 eng d
024 _a77295
037 _cTextual
040 _aCRL
_cCRL
_beng
041 _2eng
_aeng
082 _aO111:gxM22x, H7
100 _aArnold Matthew
245 0 _aFor essays on life and letters
260 _aNew York
_bAppleton - Century USA
_c1947
300 _a118p.
_ccm.
650 _aENGLISH LITERATURE
942 _hO111:gxM22x, H7
_cTEXL
_2cc
999 _c992761
_d992761